000 00456nam a22001817a 4500
003 MPLRDC
005 20220104114639.0
008 210129b ||||| |||| 00| 0 eng d
020 _a7-213-01198-7
082 _a435.441 LZY
100 _a李志炎、林正秋主编
245 _a中国荷文化
_c
250 _a一版一刷
260 _a
_b浙江人民出版社
_c1995
300 _b
650 _a观赏园艺--荷花
942 _cBK
_o435.441 LZY
999 _c9116
_d9106